000 00634cam a22002413a 4500
001 18178
003 PGUSA
005 20140828083403.0
008 060414s2006||||xxu|||||s|||||000 1 eng d
040 _aPGUSA
_beng
042 _adc
050 4 _aPG
100 1 _aArbes, Jakub,
_d1840-1914
245 1 0 _aRakontoj
_h[electronic resource] /
_cJakub Arbes
260 _bProject Gutenberg,
_c2006
506 _aPublic domain in the USA.
516 _aElectronic text
653 _aFiction
700 1 _aGrňa, Josef,
_d-1919
830 0 _aProject Gutenberg
_v18178
856 4 0 _uhttp://www.gutenberg.org/ebooks/18178
942 _cEB
999 _c247433
_d247433